Juvenile justice in Germany: between welfare and justice

Saved in:  
Bibliographic Details
Main Author: Dünkel, Frieder 1950- (Author)
Format: Print Article
Language:English
Published: 2008
In: International handbook of juvenile justice
Year: 2008, Pages: 225-262
Check availability: HBZ Gateway
Keywords:

MARC

LEADER 00000caa a2200000 c 4500
001 1377588092
003 DE-627
005 20220528111413.0
007 tu
008 090617s2008 xx ||||| 00| ||eng c
020 |a 9781402044007 
035 |a (DE-627)1377588092 
035 |a (DE-576)307588092 
035 |a (DE-599)BSZ307588092 
040 |a DE-627  |b ger  |c DE-627  |e rakwb 
041 |a eng 
100 1 |a Dünkel, Frieder  |d 1950-  |0 (DE-588)121514056  |0 (DE-627)081357060  |0 (DE-576)160794080  |4 aut 
109 |a Dünkel, Frieder 1950- 
245 1 0 |a Juvenile justice in Germany  |b between welfare and justice  |c Frieder Dünkel 
264 1 |c 2008 
336 |a Text  |b txt  |2 rdacontent 
337 |a ohne Hilfsmittel zu benutzen  |b n  |2 rdamedia 
338 |a Band  |b nc  |2 rdacarrier 
773 0 8 |i In  |t International handbook of juvenile justice  |b 1st softcover print.  |d New York, NY : Springer, 2008  |g (2008), Seite 225-262  |h XXIV, 549 S.  |w (DE-627)564772607  |w (DE-576)281113963  |z 9780387094779  |z 9781402044007  |7 nnam 
773 1 8 |g year:2008  |g pages:225-262 
951 |a AR 
ELC |b 1 
LOK |0 000 xxxxxcx a22 zn 4500 
LOK |0 001 2602906603 
LOK |0 003 DE-627 
LOK |0 004 1377588092 
LOK |0 005 20260115114744 
LOK |0 008 090617||||||||||||||||ger||||||| 
LOK |0 040   |a DE-21-110  |c DE-627  |d DE-21-110 
LOK |0 689   |a s  |a Jugendstrafrechtspflege 
LOK |0 689   |a s  |a Wohlfahrt 
LOK |0 689   |a s  |a Gerechtigkeit 
LOK |0 689   |a g  |a Deutschland 
LOK |0 689   |a s  |a Geschichte 
LOK |0 689   |a s  |a Sanktionssystem 
LOK |0 689   |a s  |a Menschenrechte 
LOK |0 689   |a s  |a Jugenddelinquenz 
LOK |0 689   |a s  |a Statistik 
LOK |0 689   |a s  |a Diversion 
LOK |0 689   |a s  |a Reformen 
LOK |0 852   |a DE-21-110 
LOK |0 852 1  |m p  |9 00 
LOK |0 935   |a tre1 
LOK |0 938   |k p 
LOK |0 939   |a 17-06-09  |b l01 
ORI |a SA-MARC-krimdoka001.raw